Представление документа в формате RUSMARC

ПолеНазваниеЗначение
  Тип записи a
  Библиографический уровень m
001 Контрольный номер RU/IS/BASE/531937194
005 Дата корректировки 20240209174659.7
010 Индекс ISBN __
a ISBN
b Уточнения в пер.
d Цена 1 р. 00 к.
9 Тираж экз.
100 Данные общей обработки __
a Данные общей обработки 20161108d2016 ||| 0rusy0189 ca
101 Язык документа 0_
a Язык текста rus
102 Страна публикации __
a Страна публикации RU
105 Кодированные данные (монография) __
a Кодированные данные (монография) y###||||000|y
200 Заглавие и сведения об ответственности 1_
a Заглавие Веселые повести
b Общее обозначение материала Текст
f Первые сведения об ответственности Д. Гармаа
g Последующие сведения об ответственности пер. с монг. М. Гольмана
g Последующие сведения об ответственности рис. Р. Вольского
210 Выходные данные 1_
a Место издания Москва
c Издательство Детская литература
d Дата издания 1978
215 Физическое описание __
a Объем 110 с.
c Иллюстрации/тип воспроизводства ил.
d Формат см.
300 Общие примечания __
a Общие примечания Ограничения по возрасту - 6+ ; (Мл)
300 Общие примечания __
a Общие примечания Под инв. номером 66401 : 4н-1
606 Тематические рубрики 0_
a Основная рубрика Монгольская детская литература - 20 в.
610 Ключевые слова 0_
a Ключевые слова литература детская
a Ключевые слова монгольская литература
a Ключевые слова истории веселые
a Ключевые слова приключения детей
a Ключевые слова повести детские
686 Индексы других классификаций __
a Классификационный индекс 84(5Мон)
2 Код системы ББК
700 Автор _0
a Фамилия Гармаа
b Имя (инициалы) Доржийн
g Полное личное имя Д.
801 Источник записи _0
a Страна RU
b Организация МБУК ЦБС
c Дата составления 20161108
g Правила каталогизации RCR
801 Источник записи _1
a Страна RU
b Организация МБУК ЦБС г. Ульяновска
c Дата составления 20161108
g Правила каталогизации RCR
899 Данные о местонахождении __
i Авторский знак Г 20
j Расстановочный фильтр И(Монг)
901 Тип документа __
t Тип документа m
910 Корректоры записи __
a Корректор записи Зотова